<?xml version="1.0" encoding="UTF-8"?>
<record
    xmlns:xsi="http://www.w3.org/2001/XMLSchema-instance"
    xsi:schemaLocation="http://www.loc.gov/MARC21/slim http://www.loc.gov/standards/marcxml/schema/MARC21slim.xsd"
    xmlns="http://www.loc.gov/MARC21/slim">

  <leader>00717    a2200193   4500</leader>
  <datafield tag="952" ind1=" " ind2=" ">
    <subfield code="0">0</subfield>
    <subfield code="1">0</subfield>
    <subfield code="2">Library of</subfield>
    <subfield code="4">0</subfield>
    <subfield code="7">0</subfield>
    <subfield code="8">NFIC</subfield>
    <subfield code="a">CCL</subfield>
    <subfield code="b">CCL</subfield>
    <subfield code="c">GEN</subfield>
    <subfield code="d">2021-03-31</subfield>
    <subfield code="l">0</subfield>
    <subfield code="o">TD 897.8 YAP 1999</subfield>
    <subfield code="p">*B016788*</subfield>
    <subfield code="r">2021-03-31 00:00:00</subfield>
    <subfield code="t">c.1</subfield>
    <subfield code="w">2021-03-31</subfield>
    <subfield code="y">BK</subfield>
  </datafield>
  <datafield tag="952" ind1=" " ind2=" ">
    <subfield code="0">0</subfield>
    <subfield code="1">0</subfield>
    <subfield code="2">Library of</subfield>
    <subfield code="4">0</subfield>
    <subfield code="7">0</subfield>
    <subfield code="8">NFIC</subfield>
    <subfield code="a">CCL</subfield>
    <subfield code="b">CCL</subfield>
    <subfield code="c">GEN</subfield>
    <subfield code="d">2021-03-31</subfield>
    <subfield code="l">0</subfield>
    <subfield code="o">TD 897.8 YAP 1999</subfield>
    <subfield code="p">G20589</subfield>
    <subfield code="r">2021-03-31 00:00:00</subfield>
    <subfield code="t">c.2</subfield>
    <subfield code="w">2021-03-31</subfield>
    <subfield code="y">BK</subfield>
  </datafield>
  <datafield tag="952" ind1=" " ind2=" ">
    <subfield code="0">0</subfield>
    <subfield code="1">0</subfield>
    <subfield code="2">Library of</subfield>
    <subfield code="4">0</subfield>
    <subfield code="7">0</subfield>
    <subfield code="8">NFIC</subfield>
    <subfield code="a">CCL</subfield>
    <subfield code="b">CCL</subfield>
    <subfield code="c">GEN</subfield>
    <subfield code="d">2021-03-31</subfield>
    <subfield code="l">0</subfield>
    <subfield code="o">TD 897.8 YAP 1999</subfield>
    <subfield code="p">*B016787*</subfield>
    <subfield code="r">2021-03-31 00:00:00</subfield>
    <subfield code="t">c.3</subfield>
    <subfield code="w">2021-03-31</subfield>
    <subfield code="y">BK</subfield>
  </datafield>
  <datafield tag="952" ind1=" " ind2=" ">
    <subfield code="0">0</subfield>
    <subfield code="1">0</subfield>
    <subfield code="2">Library of</subfield>
    <subfield code="4">0</subfield>
    <subfield code="7">0</subfield>
    <subfield code="8">NFIC</subfield>
    <subfield code="a">CCL</subfield>
    <subfield code="b">CCL</subfield>
    <subfield code="c">GEN</subfield>
    <subfield code="d">2021-03-31</subfield>
    <subfield code="l">0</subfield>
    <subfield code="o">TD 897.8 YAP 1999</subfield>
    <subfield code="p">G20638</subfield>
    <subfield code="r">2021-03-31 00:00:00</subfield>
    <subfield code="t">c.4</subfield>
    <subfield code="w">2021-03-31</subfield>
    <subfield code="y">BK</subfield>
  </datafield>
  <datafield tag="952" ind1=" " ind2=" ">
    <subfield code="0">0</subfield>
    <subfield code="1">0</subfield>
    <subfield code="2">Library of</subfield>
    <subfield code="4">0</subfield>
    <subfield code="7">0</subfield>
    <subfield code="8">NFIC</subfield>
    <subfield code="a">CCL</subfield>
    <subfield code="b">CCL</subfield>
    <subfield code="c">GEN</subfield>
    <subfield code="d">2021-03-31</subfield>
    <subfield code="l">0</subfield>
    <subfield code="o">TD 897.8 YAP 1999</subfield>
    <subfield code="p">G20529</subfield>
    <subfield code="r">2021-03-31 00:00:00</subfield>
    <subfield code="t">c.5</subfield>
    <subfield code="w">2021-03-31</subfield>
    <subfield code="y">BK</subfield>
  </datafield>
  <datafield tag="952" ind1=" " ind2=" ">
    <subfield code="0">0</subfield>
    <subfield code="1">0</subfield>
    <subfield code="2">Library of</subfield>
    <subfield code="4">0</subfield>
    <subfield code="7">0</subfield>
    <subfield code="8">NFIC</subfield>
    <subfield code="a">CCL</subfield>
    <subfield code="b">CCL</subfield>
    <subfield code="c">GEN</subfield>
    <subfield code="d">2021-03-31</subfield>
    <subfield code="l">0</subfield>
    <subfield code="o">TD 897.8 YAP 1999</subfield>
    <subfield code="p">B018267</subfield>
    <subfield code="r">2021-03-31 00:00:00</subfield>
    <subfield code="t">c.6</subfield>
    <subfield code="w">2021-03-31</subfield>
    <subfield code="y">BK</subfield>
  </datafield>
  <datafield tag="999" ind1=" " ind2=" ">
    <subfield code="c">5360</subfield>
    <subfield code="d">5360</subfield>
  </datafield>
  <datafield tag="020" ind1=" " ind2=" ">
    <subfield code="a">0797420185</subfield>
  </datafield>
  <datafield tag="050" ind1="0" ind2="0">
    <subfield code="a">TD 789.8 YAP 1999</subfield>
  </datafield>
  <datafield tag="100" ind1=" " ind2=" ">
    <subfield code="a">Yap, Nonita T.</subfield>
    <subfield code="e">editor</subfield>
  </datafield>
  <datafield tag="245" ind1="0" ind2="0">
    <subfield code="a">Cleaner production and consumption :</subfield>
    <subfield code="b">challenges and opportunities in East and southern Africa /</subfield>
    <subfield code="c">Nonita T. Yap </subfield>
  </datafield>
  <datafield tag="264" ind1=" " ind2=" ">
    <subfield code="a">Zimbabwe:</subfield>
    <subfield code="b">Weaver Presss,</subfield>
    <subfield code="c">1999</subfield>
  </datafield>
  <datafield tag="300" ind1=" " ind2=" ">
    <subfield code="a">186 p. :</subfield>
    <subfield code="b">ill. ;</subfield>
  </datafield>
  <datafield tag="500" ind1=" " ind2=" ">
    <subfield code="a">Includes bibliographical references and index</subfield>
  </datafield>
  <datafield tag="504" ind1=" " ind2=" ">
    <subfield code="a">Includes bibliographical references and index</subfield>
  </datafield>
  <datafield tag="650" ind1=" " ind2="0">
    <subfield code="a">Refuse and refuse disposal</subfield>
  </datafield>
  <datafield tag="650" ind1=" " ind2="0">
    <subfield code="a">Factory and trade waste</subfield>
    <subfield code="x">Management</subfield>
  </datafield>
  <datafield tag="650" ind1=" " ind2="0">
    <subfield code="a">Refuse and refuse disposal</subfield>
  </datafield>
  <datafield tag="650" ind1=" " ind2="0">
    <subfield code="a">Factory and trade waste</subfield>
    <subfield code="x">Management</subfield>
  </datafield>
  <datafield tag="942" ind1=" " ind2=" ">
    <subfield code="2">lcc</subfield>
    <subfield code="c">BK</subfield>
    <subfield code="h">897.8</subfield>
    <subfield code="i">YAP</subfield>
    <subfield code="k">TD</subfield>
  </datafield>
</record>
